000 02063 a2200205 4500
001 17266
005 20260407155459.0
008 260407a1963 arg spa d
003 AR-UNSa-BCEJYS
040 _aAR-UNSa-BCEJYS
_bspa
_cAR-UNSa-BCEJYS
080 _a657.47
_xContabilidad de Costos
245 1 0 _aContabilidad de costos
_pprincipios y práctica
264 1 _aMéxico :
_bUnión Tipográfica Editorial Hispano-Americana (UTEHA)
_c1963
300 _a866 p.
_c22 cm.
505 _a1. Introducción - 2. Terminología fundamental de la contabilidad de costos - 3. Ciclo de la contabilidad de costos - 4. Los asientos de contabilidad y el ciclo de la contabilidad de costos - 5. El registro de cuentas por pagar en la contabilidad de costos - 6. Mayores especiales usados en la contabilidad de costos - 7. Control y contabilidad de los materiales - 8. Registros del inventario de materiales - 9. Contabilidad de la mano de obra en la contabilidad de costos - 10. Sistemas de salarios de fábrica - 11. Gastos de fabricación - 12. Departamentalización de los gastos de fábrica - 13. Resumenes de costos y estados financieros - 14. Costos por procesos - 15. Costos por procesos (terminación) - 16. Procedimientos aplicados de contabilidad de costos por procesos - 17. El control presupuestario y la contabilidad de costos - 18. Procedimientos de contabilidad de costos estimados - 19. Costos estandar - 20. Procedimientos de contabilidad para costos estandar - 21. Informes para la dirección, análisis y control a tráves de la contabilidad de costos - 22. Presentación gráfica de los datos de costos - 23. Costos de no-fabricación - 24. Costos de no-fabricación (Continuación) - 25. Sistema de contabilidad de costos uniforme - 26. Exámen de la contabilidad de costos desde el punto de vista directivo - 27. Ejemplo de costos por ordenes de fabricación - 28. Ejemplo de costos por procesos - 29. Ejemplo de costos estandar
942 _cBK
590 _aniveau_biblio:m niveau_hierar:0
100 1 _aNeuner, John J.W.
700 1 _aOrtiz R., Teodoro
999 _c722
_d722